书目信息 |
| 题名: |
电焊工考工题解
|
|
| 作者: | 王继铭 编 | |
| 分册: | ||
| 出版信息: | 沈阳 辽宁人民出版社 1981 |
|
| 页数: | 215页 | |
| 开本: | 19cm | |
| 丛书名: | ||
| 单 册: | ||
| 中图分类: | TG443 | |
| 科图分类: | ||
| 主题词: | 电焊--基本知识 | |
| 电子资源: | ||
| ISBN: | ||
| 000 | 00566nam0 2200217 45 | |
| 001 | 0181010613 | |
| 005 | 20060814153625.53 | |
| 010 | @dCNY0.52 | |
| 091 | @a15090.99 | |
| 100 | @a19960215d1981 em y0chiy0121 ea | |
| 101 | 0 | @achi |
| 102 | @aCN@b210000 | |
| 105 | @ay z 000yy | |
| 200 | 10 | @a电焊工考工题解@Adian han gong kao gong ti jie@f王继铭编 |
| 210 | @a沈阳@c辽宁人民出版社@d1981 | |
| 215 | @a215页@d19cm | |
| 606 | @a电焊@x基本知识 | |
| 690 | @aTG443@v3 | |
| 701 | 0 | @a王继铭@Awang ji ming@4编 |
| 801 | 0 | @aCN@bTSSF@c20060814 |
| 905 | @a10447@dTG443@e14 | |
| 电焊工考工题解/王继铭编.-沈阳:辽宁人民出版社,1981 |
| 215页;19cm |
| ISBN :CNY0.52 |
| ● |
| 相关链接 |
|
|
|
|
正题名:电焊工考工题解
索取号:TG443/14
 
预约/预借
| 序号 | 登录号 | 条形码 | 馆藏地/架位号 | 状态 | 备注 |
| 1 | 0438571 | 204385717 | 密集书库/ [索取号:TG443/14] | 在馆 | |
| 2 | 0458236 | 204582362 | 密集书库/ [索取号:TG443/14] | 在馆 |